000 00302nam a2200145Ia 4500
100 _aGajjar/Dhiren
942 _cBK
654 _aProgramming
245 _aComputer Programming III
260 _bStudents book depot
082 _a005-076
_bTHA
300 _a218
546 _aENGLISH
999 _c27276
_d27276